000 00366nam a2200145Ia 4500
005 20251222153619.0
008 251222s9999||||xx |||||||||||||| ||spa||
020 _a8481304441
082 _a800/B61
100 _a Blasco IbaƱez, Vicente
245 0 _aLas mejores novelas en castellano del siglo XX
250 _a1ra .ed
264 _bBibliotex,S.L
942 _cLIB
999 _c31931
_d31931